Prepositions - Sudden Death - Statistics

General Stats
  • This quiz has been taken 77 times
    74 since last reset
  • The average score is 15 of 19
Answers on the Grid
Answers color-coded by a green-red scale on the quiz's grid according to % correct below.
By
Under
It
About
In
When
At
Of
She
Can
Around
To
Do
For
Go
Place
Against
On
Read
Without
Like
Sure
Except
Hello
Must
Christmas
Via
Fire
Beside
Proper
With
Hear
Sound
Lake
As
Between
 
Answer Stats
Answer % Correct
By
97%
Under
95%
In
93%
Of
83%
On
83%
Around
82%
At
82%
Between
82%
To
82%
With
82%
Beside
78%
Against
75%
Via
75%
For
73%
About
72%
As
72%
Without
72%
Except
60%
Like
47%
No matching quizzes found
Score Distribution
Percent of People with Each Score
Percentile by Number Answered
Your Score History
You have not taken this quiz since the last reset